1857 lavavanigalu (Record no. 1028642)

MARC details
000 -LEADER
fixed length control field 00602nam a2200241Ia 4500
003 - CONTROL NUMBER IDENTIFIER
control field OSt
005 - DATE AND TIME OF LATEST TRANSACTION
control field 20221005113602.0
008 - FIXED-LENGTH DATA ELEMENTS--GENERAL INFORMATION
fixed length control field 221004b |||||||| |||| 00| 0 kan d
037 ## - SOURCE OF ACQUISITION
Terms of availability Textual
040 ## - CATALOGING SOURCE
Original cataloging agency CRL
Transcribing agency CRL
Language of cataloging kan
041 ## - LANGUAGE CODE
Source of code kan
Language code of text/sound track or separate title kan
100 ## - MAIN ENTRY--PERSONAL NAME
Personal name Keroor Au.
9 (RLIN) 624562
245 #0 - TITLE STATEMENT
Title 1857 lavavanigalu
260 ## - PUBLICATION, DISTRIBUTION, ETC.
Date of publication, distribution, etc. 1954
650 ## - SUBJECT ADDED ENTRY--TOPICAL TERM
Topical term or geographic name entry element KANNAD LITERATURE
650 ## - SUBJECT ADDED ENTRY--TOPICAL TERM
Topical term or geographic name entry element KANNAD FICTION
942 ## - ADDED ENTRY ELEMENTS (KOHA)
Classification part O33,3NTR,2, 33J4
Koha item type Textual
Source of classification or shelving scheme
Holdings
Withdrawn status Lost status Damaged status Not for loan Home library Current library Date acquired Total Checkouts Full call number Barcode Date last seen Price effective from Koha item type
        Central Library Central Library 2022-10-05   O33,3NTR,2 33J4 CL0127240 2022-10-05 2022-10-05 Textual
Copyright @ Delhi University Library System